• 首页
  • 本馆介绍
  • 公告通知
  • 最新文献
  • 馆藏检索
  • 电子资源
  • 读者导购
  • 参考咨询
  • 我的图书馆
  • 登录
  • 详细信息显示
  • 放入我的书架
  • 预约/预借图书
  • 作者相关作品
  • 分类相关作品
  • 丛书相关作品
  • 出版社相关作品

书目信息

  • 表格格式
  • 工作单格式
  • 卡片格式
题名:
科学社会主义
    
 
作者: ;北京师范大学九校《科学社会主义》编写组 编
分册:  
出版信息: 长春   吉林人民出版社  1980
页数: 367页
开本: 21cm
丛书名:
单 册:
中图分类: D0-0 , D0
科图分类:
主题词: 政治理论
电子资源:
ISBN:
000 00691nam0 2200229 450
001 1536271617
005 20150121100503.59
010    @dCNY1.06
091    @a3091.456
100    @a20130329d1980 em y0chiy0110 ea
101 0  @achi
102    @aCN@b220000
105    @ay z 000yy
200 1  @a科学社会主义@9ke xue she hui zhu yi@f北京师范大学九校《科学社会主义》编写组编
210    @a长春@c吉林人民出版社@d1980
215    @a367页@d21cm
606 0  @a政治理论
690    @aD0-0@v5
690    @aD0@v4
711 02 @a北京师范大学九校《科学社会主义》编写组@9bei jing shi fan da xue jiu xiao《 ke xue she hui zhu yi》 bian xie zu@4编
801  0 @aCN@bTSSF@c20150121
905    @aZUCC@dD0@eJY11
    
    科学社会主义/北京师范大学九校《科学社会主义》编写组编.-长春:吉林人民出版社,1980
    367页;21cm
    
    
    ISBN :CNY1.06
    
●
相关链接 在E读中查询图书 在五车中查询图书 在当当中查询图书 在豆瓣中查询图书


正题名:科学社会主义     索取号:D0/JY11         预约/预借

序号 登录号 条形码 馆藏地/架位号 状态 备注
1 7856267   278562672   学院路分馆/ [索取号:D0/JY11] 在馆    
唐山师范学院图书馆 欢迎您!
大连网信软件有限公司© 版权所有